000 00574nam a2200205Ia 4500
005 20250923144756.0
008 008 250917s9999 xx 000 0 eng d
037 _aTextual
040 _aDSWL
_beng
_cDSWL
041 _aeng
_2eng
084 _aX:8, J8
_qDSWL
100 _aRedfield, Charles E.
_9828299
245 0 _aCommunication in management
_cby Charles E. Redfield
260 _aChicago
_bUniversityof Chicago Pre
_c1958
300 _axiv,314p.
365 _aUSD
_b5
925 _g5
942 _cTEXL
_hX:8, J8
999 _c1443197
_d1443197